000 00824nam a2200265Ia 4500
003 OSt
005 20221005062209.0
006 a|||||r|||| 00| 0
007 ta
008 221004b |||||||| |||| 00| 0 eng d
020 _a9781138684140 (pbk)
_cUKP 14.99
024 _a44399
037 _b389/18-19, 29/01/2019, Kilaso Books
_cTextual
040 _aCRL
_cCRL
_beng
041 _2eng
_aeng
082 _aS:86, Q8
100 _aMurphy John Au.
_9601550
245 0 _aStrength - based therapy
_b distinctive feature
260 _aLondon
_bRoutledge UK
_c2018
300 _axix,164p.
_ccm.
490 _aPsychotherapy and counselling distinctive features
650 _aPSYCHOTHERAPY
942 _hS:86, Q8
_cTEXL
_2cc
999 _c969350
_d969350